| 000 | 00382nam a2200145Ia 4500 | ||
|---|---|---|---|
| 008 | 150301s2011 xx 000 0 und d | ||
| 082 |
_a610.7 _bM11B |
||
| 100 | _aBASAVANTHAPPA,BT. | ||
| 245 | _aMANAGEMENT OF NURSING SERVICES & EDUCATION | ||
| 250 | _a1ST | ||
| 260 |
_bJAYPEE MEDICAL PUB. _c2011 |
||
| 300 | _a606 | ||
| 650 | _aNURSING SERVICE & EDUCATION | ||
| 942 |
_2ddc _cBK _0114 |
||
| 999 |
_c6805 _d6805 |
||